000 00295nam a2200133Ia 4500
005 20251222153636.0
008 251222s9999||||xx |||||||||||||| ||spa||
082 _a985.46/V32
100 _aVargas Haya, Héctor
245 0 _aPerú:
250 _a1ra.ed.
264 _bLa Gaceta
942 _cLIB
999 _c32540
_d32540